<?xml version="1.0" encoding="UTF-8"?>
<record
    xmlns:xsi="http://www.w3.org/2001/XMLSchema-instance"
    xsi:schemaLocation="http://www.loc.gov/MARC21/slim http://www.loc.gov/standards/marcxml/schema/MARC21slim.xsd"
    xmlns="http://www.loc.gov/MARC21/slim">

  <leader>00862nam a2200229 a 4500</leader>
  <controlfield tag="001">82554</controlfield>
  <controlfield tag="003">BD-RjUL</controlfield>
  <controlfield tag="005">20231227120835.0</controlfield>
  <controlfield tag="008">231227s2023    bg ||||| |||| 00| 0 ben d</controlfield>
  <datafield tag="020" ind1=" " ind2=" ">
    <subfield code="a">9789843540751</subfield>
  </datafield>
  <datafield tag="035" ind1=" " ind2=" ">
    <subfield code="a">(BD-RjUL)82554</subfield>
  </datafield>
  <datafield tag="040" ind1=" " ind2=" ">
    <subfield code="a">BD-RjUL</subfield>
    <subfield code="b">eng</subfield>
    <subfield code="c">BD-RjUL</subfield>
  </datafield>
  <datafield tag="041" ind1=" " ind2=" ">
    <subfield code="a">ben</subfield>
  </datafield>
  <datafield tag="082" ind1=" " ind2=" ">
    <subfield code="2">23</subfield>
    <subfield code="a">954.924</subfield>
    <subfield code="b">ALU 2023</subfield>
  </datafield>
  <datafield tag="100" ind1=" " ind2=" ">
    <subfield code="a">&#x986;&#x9B2;&#x9AE;, &#x9AB;&#x9BF;&#x9B0;&#x9CB;&#x99C; </subfield>
    <subfield code="9">10735</subfield>
  </datafield>
  <datafield tag="245" ind1=" " ind2=" ">
    <subfield code="a">&#x989;&#x9AA;&#x9AE;&#x9B9;&#x9BE;&#x9A6;&#x9C7;&#x9B6;&#x9C7;&#x9B0; &#x9B9;&#x9BE;&#x99C;&#x9BE;&#x9B0; &#x9AC;&#x99B;&#x9B0;&#x9C7;&#x9B0; &#x9B8;&#x9CD;&#x9B0;&#x9CB;&#x9A4;&#x9A7;&#x9BE;&#x9B0;&#x9BE;&#x9AF;&#x9BC; &#x989;&#x9B2;&#x9CD;&#x9B2;&#x9BE;&#x9AA;&#x9BE;&#x9A1;&#x9BC;&#x9BE;&#x9B0;  &#x987;&#x9A4;&#x9BF;&#x9B9;&#x9BE;&#x9B8; /</subfield>
    <subfield code="c">&#x9AB;&#x9BF;&#x9B0;&#x9CB;&#x99C; &#x986;&#x9B2;&#x9AE;</subfield>
  </datafield>
  <datafield tag="260" ind1=" " ind2=" ">
    <subfield code="a">&#x9A2;&#x9BE;&#x995;&#x9BE; :</subfield>
    <subfield code="b">&#x986;&#x9B0;&#x9BF;&#x9A8; &#x9AA;&#x9CD;&#x9B0;&#x995;&#x9BE;&#x9B6;&#x9A8;&#x9C0;</subfield>
    <subfield code="c">&#x9E8;&#x9E6;&#x9E8;&#x9E9;</subfield>
  </datafield>
  <datafield tag="300" ind1=" " ind2=" ">
    <subfield code="a">&#x9EA;&#x9E9;&#x9E8; &#x9AA;&#x9C3;.;</subfield>
    <subfield code="c">&#x9E8;&#x9E8; &#x9B8;&#x9C7;&#x9AE;&#x9BF;.</subfield>
  </datafield>
  <datafield tag="650" ind1=" " ind2=" ">
    <subfield code="a">&#x989;&#x9B2;&#x9CD;&#x9B2;&#x9BE;&#x9AA;&#x9BE;&#x9A1;&#x9BC;&#x9BE;  </subfield>
    <subfield code="x">&#x987;&#x9A4;&#x9BF;&#x9B9;&#x9BE;&#x9B8;</subfield>
    <subfield code="9">10736</subfield>
  </datafield>
  <datafield tag="650" ind1=" " ind2=" ">
    <subfield code="a">Ullapara</subfield>
    <subfield code="x">History </subfield>
    <subfield code="9">10737</subfield>
  </datafield>
  <datafield tag="942" ind1=" " ind2=" ">
    <subfield code="2">ddc</subfield>
    <subfield code="c">BK</subfield>
  </datafield>
  <datafield tag="999" ind1=" " ind2=" ">
    <subfield code="c">82554</subfield>
    <subfield code="d">82554</subfield>
  </datafield>
  <datafield tag="952" ind1=" " ind2=" ">
    <subfield code="0">0</subfield>
    <subfield code="1">0</subfield>
    <subfield code="2">ddc</subfield>
    <subfield code="4">0</subfield>
    <subfield code="7">1</subfield>
    <subfield code="8">NFIC</subfield>
    <subfield code="a">RUCL</subfield>
    <subfield code="b">RUCL</subfield>
    <subfield code="c">Reading</subfield>
    <subfield code="d">2023-12-14</subfield>
    <subfield code="e">Author</subfield>
    <subfield code="g">850.00</subfield>
    <subfield code="l">0</subfield>
    <subfield code="o">B 954.924 ALU 2023</subfield>
    <subfield code="r">2023-12-27 00:00:00</subfield>
    <subfield code="t">C-1</subfield>
    <subfield code="w">2023-12-27</subfield>
    <subfield code="y">BK</subfield>
  </datafield>
  <datafield tag="952" ind1=" " ind2=" ">
    <subfield code="0">0</subfield>
    <subfield code="1">0</subfield>
    <subfield code="2">ddc</subfield>
    <subfield code="4">0</subfield>
    <subfield code="7">0</subfield>
    <subfield code="8">NFIC</subfield>
    <subfield code="a">RUCL</subfield>
    <subfield code="b">RUCL</subfield>
    <subfield code="c">GEN</subfield>
    <subfield code="d">2023-12-14</subfield>
    <subfield code="e">Author</subfield>
    <subfield code="g">850.00</subfield>
    <subfield code="l">1</subfield>
    <subfield code="o">B 954.924 ALU 2023</subfield>
    <subfield code="r">2025-12-02 00:00:00</subfield>
    <subfield code="s">2025-11-13</subfield>
    <subfield code="t">C-2</subfield>
    <subfield code="w">2023-12-27</subfield>
    <subfield code="y">BK</subfield>
  </datafield>
</record>
